उजाले की परछाई : (Record no. 117600)
[ view plain ]
| 000 -LEADER | |
|---|---|
| fixed length control field | 01367nam a22002897a 4500 |
| 003 - CONTROL NUMBER IDENTIFIER | |
| control field | 0 |
| 005 - DATE AND TIME OF LATEST TRANSACTION | |
| control field | 20181111145821.0 |
| 008 - FIXED-LENGTH DATA ELEMENTS--GENERAL INFORMATION | |
| fixed length control field | 0 |
| 010 ## - LIBRARY OF CONGRESS CONTROL NUMBER | |
| LC control number | A-932881 |
| 020 ## - INTERNATIONAL STANDARD BOOK NUMBER | |
| Terms of availability | 200.00 |
| International Standard Book Number | 8186869042 |
| 035 ## - SYSTEM CONTROL NUMBER | |
| System control number | A-932881 |
| 037 ## - SOURCE OF ACQUISITION | |
| Source of stock number/acquisition | Cen Lib/Ret |
| 040 ## - CATALOGING SOURCE | |
| Original cataloging agency | DPL |
| Language of cataloging | HN |
| Transcribing agency | 0 |
| 082 ## - DEWEY DECIMAL CLASSIFICATION NUMBER | |
| Classification number | क |
| Item number | जोशीदि |
| 100 ## - MAIN ENTRY--PERSONAL NAME | |
| Personal name | जोशी, दिनकर |
| 9 (RLIN) | 115593 |
| 245 ## - TITLE STATEMENT | |
| Title | उजाले की परछाई : |
| Statement of responsibility, etc | दिनकर जोशी ; अनुवादक सूरज प्रकाश |
| Remainder of title | गुजराती उपन्यास प्रकाशनों पदछायो का हिंदी अनुवाद / |
| 246 ## - VARYING FORM OF TITLE | |
| Title proper/short title | Ujaale ki parchyi : gujarati upanyas prakashano padchayo ka hindi anuvad / |
| Remainder of title | Dinkar Joshi ; anuvadak Sooraj Prakash |
| 260 ## - PUBLICATION, DISTRIBUTION, ETC. (IMPRINT) | |
| Place of publication, distribution, etc | मुंबई |
| Name of publisher, distributor, etc | परिदृश्य प्रकाशन |
| Date of publication, distribution, etc | 1997 |
| 270 ## - ADDRESS | |
| City | मुंबई |
| Postal code | 400002 |
| Address | 6, दादी संतुक लेन, धोबी तालाब |
| 300 ## - PHYSICAL DESCRIPTION | |
| Extent | 274p. |
| Dimensions | 19से.मी. (सजिल्द) |
| 650 ## - SUBJECT ADDED ENTRY--TOPICAL TERM | |
| Topical term or geographic name as entry element | साहित्य--कहानियां |
| 9 (RLIN) | 1200 |
| 650 ## - SUBJECT ADDED ENTRY--TOPICAL TERM | |
| Topical term or geographic name as entry element | गुजराती--कहानियां |
| 9 (RLIN) | 1200 |
| 650 ## - SUBJECT ADDED ENTRY--TOPICAL TERM | |
| Topical term or geographic name as entry element | Literature--Stories |
| 9 (RLIN) | 115594 |
| 650 ## - SUBJECT ADDED ENTRY--TOPICAL TERM | |
| Topical term or geographic name as entry element | Gujarati--stories |
| 9 (RLIN) | 75650 |
| 700 ## - ADDED ENTRY--PERSONAL NAME | |
| Personal name | प्रकाश, सूरज |
| 9 (RLIN) | 115595 |
| 942 ## - ADDED ENTRY ELEMENTS (KOHA) | |
| Source of classification or shelving scheme | Dewey Decimal Classification |
| Koha item type | Hindi Books |
| Classification part | क |
| Call number suffix | जोशीदि |
| Withdrawn status | Lost status | Damaged status | Not for loan | Home library | Current library | Date acquired | Source of acquisition | Cost, normal purchase price | Total Checkouts | Full call number | Barcode | Date last seen | Copy number | Cost, replacement price | Price effective from | Koha item type | Public note | Source of classification or shelving scheme | Collection code |
|---|---|---|---|---|---|---|---|---|---|---|---|---|---|---|---|---|---|---|---|
| Written off | Central Library | Central Library | 07/09/2015 | Cen Lib/Ref | 200.00 | क जोशीदि | A-932881 | 07/09/2015 | 1 | 200.00 | 15/09/2016 | Hindi Books | Written off on approval by DLB (By Circulation); dtd 20.12.2022 | ||||||
| Patel Nagar | Patel Nagar | 11/11/2018 | BPPD/Pub | 200.00 | क जोशीदि | A-932888 | 11/11/2018 | 200.00 | 11/11/2018 | Hindi Books | Dewey Decimal Classification | Fiction | |||||||
| Sarojini Nagar | Sarojini Nagar | 08/06/2019 | क जोशीदि | A-932893 | 08/06/2019 | 08/06/2019 | Hindi Books | Dewey Decimal Classification | Fiction |
